[Event "Challenge"]
[Site "http://www.queenalice.com/game.php?id=861290"]
[Date "2010.11.20"]
[Round "-"]
[White "onfs2"]
[Black "mtristan"]
[Result "1-0"]
[WhiteElo "1399"]
[BlackElo "1308"]

1. e4 e5 2. Nf3 d6 3. Be2 Nf6 4. d3 Nc6 5. Bd2 g6 6. c3 Bg7 7. Qb3 O-O 8. O-O d5
9. Rd1 d4 10. c4 b6 11. Qb5 Bb7 12. c5 Nd7 13. b4 a6 14. Qa4 a5 15. bxa5 Nxc5
16. Qb5 Nxa5 17. Na3 Ba6 18. Qb1 Qe7 19. Bb4 Qd7 20. Rc1 Nxe4 21. Bxf8 Bxf8 22.
Qb2 Bh6 23. Rc2 Nc5 24. Nxe5 Qd5 25. Ng4 Bf4 26. Nf6+ Kg7 27. Nxd5 1-0

[Event "Challenge"]
[Site "http://www.queenalice.com/game.php?id=870692"]
[Date "2010.12.11"]
[Round "-"]
[White "mtristan"]
[Black "jamba"]
[Result "1-0"]
[WhiteElo "1316"]
[BlackElo "1345"]

1. e4 c5 2. Nf3 d6 3. d3 Nc6 4. g3 Be6 5. Bg2 g6 6. Ng5 Qa5+ 7. Bd2 Qb5 8. Bc3
f6 9. Nxe6 Kd7 10. Nxf8+ Rxf8 11. O-O Nd4 12. Na3 Qb6 13. Nc4 e5 14. Nxb6+ axb6
15. Bd2 Ra8 16. c3 Nb5 17. Bh3+ Kc6 18. Qg4 h5 19. Qd7# 1-0

[Event "Challenge"]
[Site "http://www.queenalice.com/game.php?id=870911"]
[Date "2010.12.12"]
[Round "-"]
[White "alexcesarfe"]
[Black "mtristan"]
[Result "0-1"]
[WhiteElo "1574"]
[BlackElo "1334"]

1. e4 e5 2. Bc4 Nf6 3. d3 Bc5 4. Bg5 O-O 5. Qe2 Nc6 6. c3 d6 7. h4 Na5 8. h5 Bg4
9. f3 Bd7 10. h6 g6 11. Bxf6 Qxf6 12. b4 Nxc4 13. bxc5 Na5 14. cxd6 cxd6 15. Na3
Rfc8 16. Qd2 Rc7 17. c4 a6 18. Qxa5 Rc5 19. Qc3 b5 20. Rb1 Qg5 21. Qc2 f5 22.
exf5 Bxf5 23. Qf2 Bxd3 24. Rd1 bxc4 25. Rh4 Qd8 26. Nh3 Qa5+ 27. Qd2 Qxa3 28.
Nf2 Rb8 29. Nxd3 cxd3 30. Qg5 e4 31. Qe7 Qb2 32. Rd2 Qc1+ 33. Kf2 Qxd2+ 34. Kg3
Qg5+ 35. Qxg5 Rxg5+ 36. Kf2 Rh5 37. Rxe4 Rb2+ 38. Kg3 d2 39. Rd4 Rh1 40. Rxd6
d1=Q 41. Re6 Qd4 42. Re8+ Kf7 43. Rh8 Qh4# 0-1

[Event "Revancha"]
[Site "http://www.queenalice.com/game.php?id=881518"]
[Date "2011.1.5"]
[Round "-"]
[White "onfs2"]
[Black "mtristan"]
[Result "1-0"]
[WhiteElo "1656"]
[BlackElo "1310"]

1. e4 e5 2. Nf3 Nc6 3. Bc4 d6 4. h3 Nf6 5. Ng5 d5 6. exd5 Nxd5 7. Qf3 Qxg5 8.
Bxd5 Be6 9. Bxc6+ bxc6 10. Qxc6+ Ke7 11. Qxa8 Kd7 12. O-O Bxh3 13. Qf3 1-0

[Event "Challenge"]
[Site "http://www.queenalice.com/game.php?id=884611"]
[Date "2011.1.11"]
[Round "-"]
[White "holandes"]
[Black "mtristan"]
[Result "0-1"]
[WhiteElo "1712"]
[BlackElo "1304"]

1. e4 e5 2. Nf3 Nf6 3. d3 Bc5 4. h3 h6 5. Nxe5 d6 6. Nc4 Be6 7. b3 Nc6 8. c3 d5
9. e5 dxc4 10. b4 Bb6 11. d4 Ne4 12. Qf3 Bd5 13. Qe3 Ng5 14. f4 Ne4 15. Bxc4
Bxc4 16. Qxe4 Qh4+ 17. Kd1 O-O-O 18. Na3 Bd5 19. Qe2 Qg3 20. Rg1 Qxc3 21. Nc2
Nxd4 22. Qd2 Qxd2+ 23. Kxd2 Nxc2 24. Kxc2 Bxg1 25. Bb2 Be4+ 0-1

[Event "Challenge"]
[Site "http://www.queenalice.com/game.php?id=916797"]
[Date "2011.3.24"]
[Round "-"]
[White "acandidojr"]
[Black "mtristan"]
[Result "1-0"]
[WhiteElo "1621"]
[BlackElo "1328"]

1. e4 e5 2. Nf3 d6 3. d4 exd4 4. Nxd4 Nf6 5. Bg5 Be7 6. Nc3 c6 7. Bd3 Qb6 8. Nf5
Bxf5 9. exf5 Qxb2 10. Na4 Qb4+ 11. c3 Qa5 12. O-O b5 13. Nb2 Qxc3 14. Qe2 h6 15.
Bxf6 Qxf6 16. Qf3 Qxb2 17. Rfe1 O-O 18. Rab1 Qc3 19. Rxe7 Na6 20. Qg3 Nc5 21.
Rd1 Nxd3 22. h3 Qf6 23. Rc7 Nb4 24. Rxd6 Qg5 25. Qb3 Nd5 26. Rcxc6 Nf4 27. g3
Rfe8 28. Rd1 Nxh3+ 29. Kf1 Re2 30. Kxe2 Qg4+ 31. Kf1 Qxf5 32. Qb2 Qf3 33. Rc3
Qxd1+ 34. Kg2 h5 35. Qxb5 g6 36. Rd3 Qg1+ 37. Kf3 Qxf2+ 38. Ke4 1-0

[Event "Challenge"]
[Site "http://www.queenalice.com/game.php?id=918134"]
[Date "2011.3.27"]
[Round "-"]
[White "Gusmao"]
[Black "mtristan"]
[Result "0-1"]
[WhiteElo "1343"]
[BlackElo "1360"]

1. e4 e5 2. Qh5 Nf6 3. Qxe5+ Be7 4. Bc4 d6 5. Qf4 O-O 6. d4 d5 7. exd5 Nxd5 8.
Bxd5 Qxd5 9. Na3 Bh3 10. Nxh3 Qxg2 11. Rg1 Qxh3 12. Qg3 Qxg3 13. Rxg3 Nc6 14.
Be3 g6 15. O-O-O Rad8 16. d5 Nb4 17. c4 Bd6 18. Bg5 Bxg3 19. fxg3 f6 20. Bf4 Rf7
21. Nb5 a6 22. Nxc7 g5 23. Be3 Rxc7 24. Kb1 Rxc4 25. a3 Nxd5 26. Bc1 h5 27. b3
Re4 28. b4 Nc3+ 29. Kc2 Nxd1 30. b5 Rc4+ 31. Kb3 Rxc1 32. bxa6 bxa6 33. h4 Rb8+
34. Ka4 Rc5 35. g4 Nc3# 0-1

[Event "Challenge"]
[Site "http://www.queenalice.com/game.php?id=921576"]
[Date "2011.4.4"]
[Round "-"]
[White "essenfelder"]
[Black "mtristan"]
[Result "1-0"]
[WhiteElo "2019"]
[BlackElo "1332"]

1. e4 e5 2. Nf3 d6 3. Bc4 Nf6 4. d3 Nc6 5. h3 h6 6. O-O d5 7. Bxd5 Nxd5 8. exd5
Qxd5 9. Re1 Bd6 10. Nc3 Qe6 11. Bf4 Qf5 12. Bxe5 Nxe5 13. Nxe5 Bxe5 14. d4 Be6
15. Rxe5 Qg6 16. d5 O-O-O 17. Qf3 Bd7 18. Re4 f5 19. Rb4 Qd6 20. a3 g6 21. Nb5
Bxb5 22. Rxb5 a6 23. Ra5 b5 24. a4 Qxd5 25. Qxd5 Rxd5 26. axb5 Kd7 27. c4 Re5
28. Rxa6 Rhe8 29. Rd1+ Ke7 30. Rxg6 Kf7 31. Rxh6 Re1+ 32. Rxe1 1-0

[Event "Challenge"]
[Site "http://www.queenalice.com/game.php?id=927555"]
[Date "2011.4.19"]
[Round "-"]
[White "mtristan"]
[Black "Arianna"]
[Result "0-1"]
[WhiteElo "1324"]
[BlackElo "1357"]

1. d4 b5 2. e4 Ba6 3. Nf3 Nc6 4. c3 Nf6 5. e5 Ne4 6. Bd3 f5 7. exf6 d5 8. fxg7
Bxg7 9. Na3 O-O 10. Nxb5 h6 11. Nxc7 Qxc7 12. Bxa6 Qa5 13. Qd3 Rab8 14. O-O Nf6
0-1

[Event "AUTO-INT-2021"]
[Site "http://www.queenalice.com/game.php?id=932426"]
[Date "2011.5.1"]
[Round "1"]
[White "pablin"]
[Black "mtristan"]
[Result "1-0"]
[WhiteElo "1772"]
[BlackElo "1334"]

1. d4 Nf6 2. c4 g6 3. Nf3 Bg7 4. Nc3 d6 5. e4 O-O 6. Be2 Na6 7. O-O e6 8. Bg5 e5
9. dxe5 dxe5 10. Nxe5 Qxd1 11. Rfxd1 Nxe4 12. Nxe4 Bxe5 13. Rd5 Bxb2 14. Rad1
Be6 15. R5d2 1-0

[Event "AUTO-INT-2021"]
[Site "http://www.queenalice.com/game.php?id=932427"]
[Date "2011.5.1"]
[Round "1"]
[White "mtristan"]
[Black "pablin"]
[Result "0-1"]
[WhiteElo "1336"]
[BlackElo "1770"]

1. e4 c6 2. Nf3 Nf6 3. Nc3 d5 4. d3 dxe4 5. Ne5 exd3 6. Bxd3 e6 7. a3 Bd6 8. Bf4
O-O 9. O-O Nbd7 10. Nxd7 Qxd7 11. Bg5 Qc7 12. Bxf6 gxf6 0-1